Open Data Biblioteca Nacional de Portugal


República Portuguesa: Ministério da Cultura
Biblioteca Nacional de Portugal

Catálogo da BNP: acesso por Identificadores Unívocos
Registos Bibliográficos associados ao registo de autoridade

Etiqueta de registo: 00254nbm 2200025 450
001 2079736
003 http://id.bnportugal.gov.pt/bib/catbnp/2079736
100 ## $a20210910d16011750m y0pory01030103ba
101 0# $alat
102 ## $aPT
105 ## $ay z 000yy
106 ## $ah
200 1# $aSequitur explicand[us] t[e]x[t]us in l[iber] 1.º hoc n[ume]ro t[i]t[ul]o d[e] acquirenda possessione$eJn t[e]x]t]u[m] ibi appelatta e[st] apedibus$fa D. D. Joanne Guomezio Vespertinae Cathedrae professore$bManuscrito]
210 #1 $d[16---17--]
215 ## $a[116, 4 br.] f.$d30 cm
300 ## $aOriginal
307 ## $aDocumento foliado em letra da época entre f. 153 e f. 272
316 ## $aCota antiga: X-2-20, n. 4
316 ## $aCota antiga: H-8-40
518 1# $aSequitur explicandus textus in liber 1.º hoc numero titulo de acquirenda possessione
700 #1 $aGomes,$bJoão,$f1589?-1654$31819401
801 #0 $aPT$bBN$gRPC
966 ## $lBN$mRESMAN$sMSS. 17, n. 17
997 ## $aBIBEOD

Etiqueta de registo: 00254nbm 2200025 450
001 2090500
003 http://id.bnportugal.gov.pt/bib/catbnp/2090500
100 ## $a20220124f16221653k y0pory01030103ba
101 0# $alat
102 ## $aPT
105 ## $ay z 000yy
106 ## $ah
200 1# $aSequitvr Explicandvs Tit[ulum] Cod[ex] De Capiendis Et Distrahendis Pignoribvs Tribvtorvm cavsa Lib[er] 10$fA D. D. Ioao Gomes$bManuscrito]
210 #1 $d[1622-1653]
215 ## $a[44] f.$d30 cm
300 ## $aCópia
304 ## $aTexto em latim
304 ## $aComentários ao "Copus Iuris Civile" leccionados nas aulas de João Gomes na Universidade de Coimbra
304 ## $aJoão Gomes formou-se em Leis pela Universidade de Coimbra onde leccionou Instituta, Código, Digesto Velho, Três Livros; Lente de Prima e Véspera
306 ## $aPara a datação considerou-se o período de docência do autor
307 ## $aIniciais capitais decoradas à pena
307 ## $aAnotações marginais
307 ## $aManchado pela tinta ferrogálica; marcas da acção dos insectos; aparado
316 ## $aCota antiga: H-5-52
321 1# $aSobre o autor cfr.: Ferreira, Francisco Leitão - Alfabeto dos lentes da insigne Universidade de Coimbra desde 1537 em diante. Coimbra : Por Ordem da Universidade, 1937
321 1# $aMemoria Professorvm Vniversitatis Conimbrigensis 1290-1772. Coimbra : Arquivo da Universidade, 2003. P. 122
517 1# $aDe capiendis et distrahendis pignoribus tributorum causa
700 #1 $aGomes,$bJoão,$f1589?-1654$31819401
702 #0 $aJustiniano,$cImperador,$f527-565$4100$346792
801 #0 $aPT$bBN$gRPC
966 ## $lBN$mRESMAN$sCOD. 2307
995 ## $aPRRMSS23 $d20230307$idfontes$zBND
997 ## $aBIBEOD

Etiqueta de registo: 00254nbm 2200025 450
001 2284295
003 http://id.bnportugal.gov.pt/bib/catbnp/2284295
100 ## $a20260414j15711651k y0pory01030103ba
101 0# $alatlat
102 ## $aPT
105 ## $ay z 000yy
106 ## $ah
200 1# $a [ Postilas de Direito Civil e Direito Canónico]$bManuscrito]
210 #1 $a[Coimbra],$d1571-1651
215 ## $a7 tomos, enc.$d31 cm
300 ## $aCópia coeva
304 ## $aTexto em latim
304 ## $aComentários ao Corpus Iuris Civilis e Corpus Iuris Canonic leccionados por professores dos séculos XVI e XVII na Universidade de Coimbra
307 ## $aInicial historiada p&b (tomo II, f. 1)
307 ## $aAnotações marginais profusas; acrescentos e correcções redigidas, por vezes, em pequenas tiras de papel coladas sobre o texto inicial
307 ## $aManchado pela humidade e tinta ferrogálica; papel acidificado; tinta esmaecida; marcas da acção dos insectos afectando o texto; aparado
307 ## $aEncadernação em pastas de cartão revestidas a pele castanha; lombada gravada a ouro com o título: "Appost[ilae] Juris"; corte salpicado
316 ## $aCota antiga: U-5-6 a U-5-12
317 ## $aMarca de posse manuscrita: "D. Henriquez" (no início dos tomos)
321 1# $aMemoria Professorvm Vniversitatis Conimbrigensis 1290-1772. Coimbra : Arquivo da Universidade, 2003
321 1# $aSubtil, José - Dicionário dos desembargadores (1640-1834). Lisboa : Ediual, 2010
321 1# $aSão Bento, Luís de - Memorial de ministros : catálogo alfabético dos ministros de letras. Estudo e transcrição Nuno Camarinhas. Lisboa : Biblioteca Nacional de Portugal ; São Paulo : Colégio Permanente de Diretores de Escolas Estaduais da Magistratura, 2017
516 1# $aApostilae juris
517 1# $aDe censibus
517 1# $aDe fideicommissis
517 1# $aDe fideiussoribus
517 1# $aDe dolo et contumacia
517 1# $aDe confessis
517 1# $aDe sententiae excommunicatione
517 1# $aDe poenis
517 1# $aDe alimentis vel cibaris legatis
517 1# $aDe acquirenda vel amitienda possessione
517 1# $aDe legatis
517 1# $aDe litis contestatione
517 1# $aDe consanguinitate
517 1# $aDe restitutione spoliatorum
517 1# $aDe rerum permutatione
517 1# $aDe iuramento
517 1# $aDe regulis jurisDe regulis iuris
517 1# $aDe homicidio
517 1# $aDe testamentis
517 1# $aDe praebendis
518 1# $aQui filii sint legitimi
701 #1 $aDias,$bFrancisco,$f15---1616$4070$3633682
701 #1 $aSousa,$bSebastião de,$f15---1608$4070$31806502
701 #1 $aBarbosa,$bPedro,$f1530-1606$4070$3910234
701 #1 $aJoão,$bCristovão,$f15---1596$4070$3633681
701 #1 $aGonçalves,$bGaspar,$f15--$4070$31995657
701 #1 $aGodinho,$bGonçalo Alvo,$f1595-1659$4070$31833017
701 #1 $aCarneiro,$bFrancisco,$ffl. 1572$4070$31845236
701 #1 $aMourão,$bMatias Álvares,$f16--$4070$31995628
701 #1 $aGomes,$bJoão,$f1589?-1654$4070$31819401
701 #1 $aRebelo,$bJoão de Araújo Ferreira,$f16---17--$4070$3176834
701 #1 $aTeixeira,$bFrancisco Vahia$f16---1672$4070$31742514
701 #1 $aJácome,$bMarçal Casado$f15---1656$4070$31743433
701 #1 $aVargas,$bJoão Lampreia de,$f16--$4070$31865038
701 #1 $aVargas,$bJoão Lampreia de,$f16--$4070$31865038
701 #1 $aLeiva,$bLuís Ribeiro de,$f15---1627$4070$31806179
701 #1 $aMorais,$bFrancisco Cerveira de,$ffl. 1649-1661$4070$31244620
702 #0 $aJustiniano,$cImperador,$f527-565$4100$346792
712 02 $aIgreja Católica.$bPapa,$c1227-1241 (Gregório IX)$4100$373166
801 #0 $aPT$bBN$gRPC
966 ## $lBN$mRESMAN$sCOD. 6926
966 ## $lBN$mRESMAN$sCOD. 6927
966 ## $lBN$mRESMAN$sCOD. 6928
966 ## $lBN$mRESMAN$sCOD. 6929
966 ## $lBN$mRESMAN$sCOD. 6930
966 ## $lBN$mRESMAN$sCOD. 6931
966 ## $lBN$mRESMAN$sCOD. 6932
971 ## $cipires$d20260414

OpendataBNP@bnportugal.pt | Mais informação sobre acesso aos dados BNP